MATHEMATICAL ANALYSIS (Record no. 19509)

MARC details
000 -LEADER
fixed length control field 00283nam a22001337a 4500
003 - CONTROL NUMBER IDENTIFIER
control field SGT
020 ## - INTERNATIONAL STANDARD BOOK NUMBER
International Standard Book Number 978-93-85923-86-9
082 ## - DEWEY DECIMAL CLASSIFICATION NUMBER
Classification number 515
Item number MAL
100 ## - MAIN ENTRY--PERSONAL NAME
Personal name MALIK.S.C.
245 ## - TITLE STATEMENT
Title MATHEMATICAL ANALYSIS
260 ## - PUBLICATION, DISTRIBUTION, ETC. (IMPRINT)
Place of publication, distribution, etc INDIA
Name of publisher, distributor, etc NEW AGE
Year of Publication 870
300 ## - PAGE DESCRIPTION
No. of Pages 807
942 ## - ADDED ENTRY ELEMENTS (KOHA)
Source of classification or shelving scheme Dewey Decimal Classification
Koha item type Books
942 ## - ADDED ENTRY ELEMENTS (KOHA)
-- 52
Holdings
Withdrawn status Lost status Source of classification or shelving scheme Damaged status Not for loan Home library Current library Shelving location Date acquired Vendor Name Cost, normal purchase price SGTU Bill Number Total Checkouts Total Renewals Full call number Accession No. (Barcode) Date last seen Date last borrowed Bill Date Koha item type
    Dewey Decimal Classification     SGT Science & Social Sciences Library SGT Science & Social Sciences Library Text Book 30/11/2019 ABC 599.00 SGTU 11575 13 3 515 MAL PS6081 06/12/2023 21/11/2023 30/11/2019 Books
    Dewey Decimal Classification     SGT Science & Social Sciences Library SGT Science & Social Sciences Library Text Book 30/11/2019 ABC 599.00 SGTU 11575 16 1 515 MAL PS6082 03/01/2025 27/12/2024 30/11/2019 Books
    Dewey Decimal Classification     SGT Science & Social Sciences Library SGT Science & Social Sciences Library Text Book 30/11/2019 ABC 599.00 SGTU 11575 14   515 MAL PS6083 24/10/2025 06/10/2025 30/11/2019 Books
    Dewey Decimal Classification     SGT Science & Social Sciences Library SGT Science & Social Sciences Library Text Book 30/11/2019 ABC 599.00 SGTU 11575 14   515 MAL PS6084 18/11/2025 08/11/2025 30/11/2019 Books
    Dewey Decimal Classification     SGT Science & Social Sciences Library SGT Science & Social Sciences Library Text Book 30/11/2019 ABC 599.00 SGTU 11575 14   515 MAL PS6085 16/09/2025 10/09/2025 30/11/2019 Books